00664cam a22002057a 4500003000500000005001700005008004100022010000900063011000900072035000900081040000900090100003700099245009800136260004000234300001000274500001000284502010300294650003600397650002500433CHAP20220329133434.0971013s1990 r 00010 d a6389 a7361 a6584 cCHAP00aAlanis de la Rosa, Jose Armando.13aLa programación dinámica, sus bases teóricas y su aplicación en la actividad forestal aChapingo, Méx. :bEl autor,c1990 a98 h. a62-29 aTesis (Ing. For. Esp. en Evaluación y Abastecimiento) -- UACH. División de Ciencias Forestales14aBosquesxModelos matemáticos.14aPolítica forestal.